000 00911cam a2200301 a 4500
001 0000004566
005 20170406115927.0
008 850108s1985 nyua b 001 0 eng
010 _a 83046095
020 _a0465045405 :
_c$24.95
035 _9(DLC) 83046095
040 _aDLC
_cDLC
_dDLC
050 0 0 _aQ335
_b.H63 1985
082 0 0 _a001.53/5
_219
100 1 _aHofstadter, Douglas R.,
_d1945-.
245 1 0 _aMetamagical themas :
_bquesting for the essence of mind and pattern /
_cDouglas R. Hofstadter.
260 _aNew York :
_bBasic Books,
_cc1985.
300 _axxviii, 852 p. :
_bill. ;
_c24 cm.
500 _aIncludes index.
504 _aBibliography: p. 802-819.
650 0 _aArtificial intelligence.
650 0 _aIntellect.
650 0 _aScience
_xPhilosophy.
650 0 _aMetamathematics.
650 0 _aSelf (Philosophy)
650 0 _aAmusements.
908 _a141010
999 _c4389
_d4389